| 000 | 00385nam a2200157Ia 4500 | ||
|---|---|---|---|
| 008 | 230524s9999 xx 000 0 und d | ||
| 082 |
_a630.81 _bBEN |
||
| 100 | _aJohn P.Bentaly | ||
| 245 | 0 | _aPrinciples of Measurement Systems | |
| 250 | _a3RD | ||
| 260 |
_aNEW DELHI _bNarosa _c2005 |
||
| 300 | _aXII;417 | ||
| 500 | _aQuantity Number: 16 | ||
| 650 | _aElectronics | ||
| 942 | _cBK | ||
| 999 |
_c21244 _d21244 |
||